Country Flags #4 - Statistics

General Stats
  • This quiz has been taken 28 times
  • The average score is 13 of 16
Answer Stats
Picture Answer % Correct
Iran
100%
Egypt
95%
Qatar
95%
Saudi Arabia
95%
Chile
90%
Pakistan
90%
Austria
86%
Cuba
86%
Iraq
86%
Indonesia
81%
Cameroon
76%
Czech Republic
76%
Taiwan
76%
Afghanistan
67%
Liberia
67%
Phillipines
57%
No matching quizzes found
Score Distribution
Percent of People with Each Score
Percentile by Number Answered
Your Score History
You have not taken this quiz